[Event "WTCC-50 2018"]
[Site "Radebeul"]
[Date "2018.07.11"]
[Round "5"]
[White "Scheckenbach, Franz"]
[Black "Tischbierek, Raj"]
[Result "0-1"]
[WhiteElo "2106"]
[BlackElo "2436"]
[Annotator "NA"]
[PlyCount "64"]
[EventDate "2018.07.07"]
[EventType "team-tourn"]
[EventCountry "GER"]
[SourceTitle "playchess.com"]
[Source "ChessBase"]
[SourceQuality "1"]
[TimeControl "40/5400+30:1800+30"]

1. e4 {[%emt 0:00:00]} c5 {[%emt 0:00:00]} 2. d3 {[%emt 0:00:28]} Nc6 {[%emt 0:00:52]} 3. f4 {[%emt 0:00:18]} g6 {[%emt 0:01:17]} 4. Nf3 {[%emt 0:00:09]} Bg7 {[%emt 0:00:04]} 5. Be2 {[%emt 0:00:23]} d6 {[%emt 0:00:55]} 6. O-O {[%emt 0:01:30]} e6 {[%emt 0:03:00]} 7. Qe1 {[%emt 0:02:47]} Nge7 {[%emt 0:02:46]} 8. Nc3 {[%emt 0:01:37]} Nd4 {[%emt 0:03:33]} 9. Bd1 {[%emt 0:01:46]} O-O {[%emt 0:01:02]} 10. f5 {[%emt 0:07:28]} exf5 {[%emt 0:07:02]} 11. Qh4 {[%emt 0:00:59]} Nec6 {[%emt 0:12:25]} 12. Bg5 {[%emt 0:01:04]} f6 {[%emt 0:00:07]} 13. Bd2 {[%emt 0:18:30]} g5 {[%emt 0:04:43]} 14. Qf2 {[%emt 0:02:33]} Nxf3+ {[%emt 0:01:16]} 15. Bxf3 {[%emt 0:09:15]} f4 {[%emt 0:00:12]} 16. Nd5 {[%emt 0:02:01]} Be6 {[%emt 0:03:34]} 17. c3 {[%emt 0:04:09]} Qd7 {[%emt 0:01:33]} 18. d4 {[%emt 0:06:39]} cxd4 {[%emt 0:03:19]} 19. cxd4 {[%emt 0:00:08]} f5 {[%emt 0:02:25]} 20. Bc3 {[%emt 0:03:43]} Bxd5 {[%emt 0:04:59]} 21. exd5 {[%emt 0:00:11]} Ne7 {[%emt 0:00:24]} 22. Rfe1 {[%emt 0:04:50]} Kh8 {[%emt 0:05:16]} 23. Qe2 {[%emt 0:03:06]} Rae8 {[%emt 0:03:48]} 24. Bh5 {[%emt 0:05:31]} Ng6 {[%emt 0:01:12]} 25. Qc4 {[%emt 0:00:18]} Re3 {[%emt 0:02:35]} 26. Re2 {[%emt 0:11:55]} Rfe8 {[%emt 0:03:57]} 27. Rae1 {[%emt 0:00:30]} R8e4 {[%emt 0:03:43]} 28. Bf3 {[%emt 0:03:08]} Ne5 {[%emt 0:01:02]} 29. Qb3 {[%emt 0:05:33]} Nxf3+ {[%emt 0:00:25]} 30. gxf3 {[%emt 0:00:05]} Rxe2 {[%emt 0:03:22]} 31. fxe4 {[%emt 0:00:11]} Rxe1+ {[%emt 0:00:30]} 32. Bxe1 {[%emt 0:00:10]} fxe4 {[%emt 0:00:20]} 0-1

[Event "WTCC-50 2018"]
[Site "Radebeul"]
[Date "2018.07.11"]
[Round "5"]
[White "Fraser-Mitchell, Jeremy N"]
[Black "Strutinskaia, Galina"]
[Result "0-1"]
[WhiteElo "2060"]
[BlackElo "2221"]
[Annotator "NA"]
[PlyCount "102"]
[EventDate "2018.07.07"]
[EventType "team-tourn"]
[EventCountry "GER"]
[SourceTitle "playchess.com"]
[Source "ChessBase"]
[SourceQuality "1"]
[TimeControl "40/5400+30:1800+30"]

1. d4 {[%emt 0:00:00]} e6 {[%emt 0:00:00]} 2. c4 {[%emt 0:00:07]} b6 {[%emt 0:00:00]} 3. Nc3 {[%emt 0:00:29]} Bb7 {[%emt 0:00:00]} 4. e4 {[%emt 0:00:12]} Bb4 {[%emt 0:00:46]} 5. Bd3 {[%emt 0:00:27]} Ne7 {[%emt 0:04:41] A40: Unusual replies to 1 d4} (5... f5 6. Qh5+ g6 7. Qe2 Nf6 8. Bg5 fxe4 9. Bc2 h6 10. Bxf6 Qxf6 11. Bxe4 Nc6 12. Nf3 O-O-O 13. O-O Nxd4 14. Nxd4 Qxd4 15. Rad1 Qf6 16. Bxb7+ Kxb7 {0-1 (75) Dzagnidze,N (2570)-Hou,Y (2673) Beijing 2014}) 6. Nf3 {[%emt 0:00:58]} Bxc3+ {[%emt 0:03:05]} 7. bxc3 {[%emt 0:00:07]} d6 {[%emt 0:00:21]} 8. O-O {[%emt 0:00:28]} Nd7 {[%emt 0:00:18]} 9. Re1 $146 {[%emt 0:03:04]} ({Predecessor:} 9. Bf4 Ng6 10. Bg3 Qe7 11. Nd2 e5 12. Bc2 h5 13. h3 {0-1 (51) Djukic,S-Von Wantoch Rekowski,D (2095) Tivat 2001}) 9... e5 {[%emt 0:00:32]} 10. Rb1 {[%emt 0:12:19]} Ng6 {[%emt 0:02:28]} 11. Be3 {[%emt 0:14:25]} O-O {[%emt 0:03:13]} 12. Rb2 {[%emt 0:07:28]} Qe7 {[%emt 0:02:05]} 13. Nd2 {[%emt 0:08:16]} Rfe8 {[%emt 0:07:58]} 14. f3 {[%emt 0:02:30]} Ndf8 {[%emt 0:05:49]} 15. d5 {[%emt 0:08:22]} Nd7 {[%emt 0:03:46]} 16. Nb3 {[%emt 0:00:41]} Bc8 {[%emt 0:02:55]} 17. Bf1 {[%emt 0:03:07]} a5 {[%emt 0:00:54]} 18. g3 {[%emt 0:01:34]} a4 {[%emt 0:02:30]} 19. Nc1 {[%emt 0:00:45]} Nc5 {[%emt 0:00:23]} 20. Nd3 {[%emt 0:02:05]} Nb7 {[%emt 0:02:57]} 21. Nf2 {[%emt 0:07:31]} Bd7 {[%emt 0:01:09]} 22. Bh3 {[%emt 0:02:05]} a3 {[%emt 0:09:33]} 23. Rb4 {[%emt 0:02:21]} Ra5 {[%emt 0:05:08]} 24. Bxd7 {[%emt 0:00:25]} Qxd7 {[%emt 0:00:02]} 25. Qe2 {[%emt 0:01:11]} Nc5 {[%emt 0:07:07]} 26. Nd1 {[%emt 0:00:54]} f5 {[%emt 0:08:49]} 27. Nf2 {[%emt 0:04:16]} f4 {[%emt 0:01:39]} 28. Bd2 {[%emt 0:01:42]} Rf8 {[%emt 0:04:36]} 29. Kg2 {[%emt 0:01:24]} h5 {[%emt 0:00:32]} 30. Nd3 {[%emt 0:01:31]} Nxd3 {[%emt 0:03:18]} 31. Qxd3 {[%emt 0:00:01]} Rf6 {[%emt 0:00:17]} 32. Rh1 {[%emt 0:01:11]} Ra8 {[%emt 0:00:22]} 33. Rbb1 {[%emt 0:00:14]} Nf8 {[%emt 0:03:21]} 34. Bc1 {[%emt 0:02:58]} Nh7 {[%emt 0:00:23]} 35. gxf4 {[%emt 0:02:21]} Rg6+ {[%emt 0:01:39]} 36. Kf2 {[%emt 0:00:06]} Qh3 {[%emt 0:00:12]} 37. Qf1 {[%emt 0:00:11]} Qh4+ {[%emt 0:00:17]} 38. Ke2 {[%emt 0:00:22]} exf4 {[%emt 0:00:12]} 39. Bd2 {[%emt 0:03:21]} Nf8 {[%emt 0:07:51]} 40. Qf2 {[%emt 0:01:00]} Qf6 {[%emt 0:01:06]} 41. Rhg1 {[%emt 0:30:36]} Ra4 {[%emt 0:30:33]} 42. Rb3 {[%emt 0:03:46]} Rxg1 {[%emt 0:01:37]} 43. Qxg1 {[%emt 0:00:04]} Nd7 {[%emt 0:00:28]} 44. Qc1 {[%emt 0:02:24]} g5 {[%emt 0:02:29]} 45. Rxa3 {[%emt 0:02:14]} Rxc4 {[%emt 0:00:31]} 46. Ra8+ {[%emt 0:00:00]} Kh7 {[%emt 0:00:00]} 47. Qa3 {[%emt 0:00:00]} g4 {[%emt 0:00:00]} 48. Qa6 {[%emt 0:00:00]} gxf3+ {[%emt 0:00:00]} 49. Kf1 {[%emt 0:00:00]} Qg7 {[%emt 0:00:00]} 50. Qxc4 $19 {[%emt 0:00:00]} Qg2+ {[%emt 0:00:00]} 51. Ke1 {[%emt 0:00:00]} f2+ {[%emt 0:00:00]} 0-1

[Event "WTCC-50 2018"]
[Site "Radebeul"]
[Date "2018.07.11"]
[Round "5"]
[White "Homer, Stephen J"]
[Black "Fatalibekova, Elena"]
[Result "1-0"]
[WhiteElo "2020"]
[BlackElo "2195"]
[Annotator "NA"]
[PlyCount "73"]
[EventDate "2018.07.07"]
[EventType "team-tourn"]
[EventCountry "GER"]
[SourceTitle "playchess.com"]
[Source "ChessBase"]
[SourceQuality "1"]
[TimeControl "40/5400+30:1800+30"]

1. e4 {[%emt 0:00:00]} c5 {[%emt 0:00:00]} 2. Nf3 {[%emt 0:00:00]} e6 {[%emt 0:00:00]} 3. d4 {[%emt 0:11:13]} cxd4 {[%emt 0:00:00]} 4. Nxd4 {[%emt 0:00:02]} Nf6 {[%emt 0:00:32]} 5. Nc3 {[%emt 0:01:16]} Nc6 {[%emt 0:00:24]} 6. Ndb5 {[%emt 0:12:28]} d6 {[%emt 0:00:57]} 7. Bf4 {[%emt 0:00:06]} e5 {[%emt 0:00:04]} 8. Bg5 {[%emt 0:00:03]} a6 {[%emt 0:00:06]} 9. Na3 {[%emt 0:00:10]} b5 {[%emt 0:01:16]} 10. Nd5 {[%emt 0:00:02]} Be7 {[%emt 0:00:21]} 11. Bxf6 {[%emt 0:00:56]} Bxf6 {[%emt 0:00:09]} 12. c4 {[%emt 0:04:57]} b4 {[%emt 0:07:48]} 13. Nc2 {[%emt 0:00:07]} a5 {[%emt 0:03:46]} 14. Be2 {[%emt 0:01:17]} Bg5 {[%emt 0:00:29]} 15. O-O {[%emt 0:00:43]} O-O {[%emt 0:00:08]} 16. Qd3 {[%emt 0:02:46]} Be6 {[%emt 0:05:33]} 17. Rad1 {[%emt 0:01:44]} f5 {[%emt 0:00:14]} 18. Bf3 {[%emt 0:01:10]} f4 {[%emt 0:01:29]} 19. a3 {[%emt 0:04:56]} bxa3 {[%emt 0:07:19]} 20. Nxa3 {[%emt 0:12:18]} Nd4 {[%emt 0:00:27]} 21. Nb5 {[%emt 0:04:39]} Bxd5 {[%emt 0:19:46]} 22. Nxd4 {[%emt 0:00:33]} exd4 {[%emt 0:00:29]} 23. exd5 {[%emt 0:01:33]} Bf6 {[%emt 0:00:13]} 24. Rfe1 {[%emt 0:07:46]} Qb6 {[%emt 0:02:33]} 25. Re6 {[%emt 0:03:39]} a4 {[%emt 0:01:05]} 26. Be4 {[%emt 0:03:54]} h6 {[%emt 0:01:24]} 27. Qh3 {[%emt 0:02:18]} Qb3 {[%emt 0:10:26]} 28. Qg4 {[%emt 0:04:12]} f3 {[%emt 0:05:43]} 29. Re1 {[%emt 0:05:03]} g5 {[%emt 0:15:01]} 30. Qf5 {[%emt 0:00:52]} Ra7 {[%emt 0:03:52]} 31. Rxf6 {[%emt 0:00:19]} Rxf6 {[%emt 0:00:30]} 32. Qxf6 {[%emt 0:00:37]} Qxb2 {[%emt 0:01:33]} 33. Bd3 {[%emt 0:03:07]} Qb8 {[%emt 0:01:32]} 34. Qg6+ {[%emt 0:00:50]} Kf8 {[%emt 0:00:41]} 35. Re6 {[%emt 0:01:33]} Rg7 {[%emt 0:00:58]} 36. Qxh6 {[%emt 0:01:29]} Kg8 {[%emt 0:08:59]} 37. Qh5 {[%emt 0:00:28]} 1-0

[Event "WTCC-50 2018"]
[Site "Radebeul"]
[Date "2018.07.11"]
[Round "5"]
[White "Jhunjhnuwala, Suresh"]
[Black "Ernst, Michael"]
[Result "1/2-1/2"]
[WhiteElo "1880"]
[BlackElo "2156"]
[Annotator "NA"]
[PlyCount "80"]
[EventDate "2018.07.07"]
[EventType "team-tourn"]
[EventCountry "GER"]
[SourceTitle "playchess.com"]
[Source "ChessBase"]
[SourceQuality "1"]
[TimeControl "40/5400+30:1800+30"]

1. e4 {[%emt 0:00:00]} e6 {[%emt 0:00:00]} 2. d4 {[%emt 0:00:00]} d5 {[%emt 0:00:00]} 3. exd5 {[%emt 0:00:00]} exd5 {[%emt 0:00:00]} 4. Bd3 {[%emt 0:00:01]} Nc6 {[%emt 0:00:45]} 5. c3 {[%emt 0:00:03]} Bd6 {[%emt 0:00:24]} 6. h3 {[%emt 0:00:06]} Nge7 {[%emt 0:00:33]} 7. Nf3 {[%emt 0:00:53]} Bf5 {[%emt 0:03:38]} 8. O-O {[%emt 0:02:02]} Qd7 {[%emt 0:01:59]} 9. Bxf5 {[%emt 0:00:45]} Qxf5 {[%emt 0:00:24]} 10. Re1 {[%emt 0:00:55]} O-O {[%emt 0:00:30]} 11. Nbd2 {[%emt 0:01:13]} Rae8 {[%emt 0:04:36]} 12. Nf1 {[%emt 0:01:00]} Nd8 {[%emt 0:03:46]} 13. Qa4 {[%emt 0:05:29]} Ndc6 {[%emt 0:17:05]} 14. Qb3 {[%emt 0:05:03]} b6 {[%emt 0:02:53]} 15. Qa4 {[%emt 0:05:28]} Qd7 {[%emt 0:01:50]} 16. Bg5 {[%emt 0:07:32]} f6 {[%emt 0:02:52]} 17. Bh4 {[%emt 0:03:13]} Ne5 {[%emt 0:01:42]} 18. Qxd7 {[%emt 0:02:40]} Nxd7 {[%emt 0:02:33]} 19. Bg3 {[%emt 0:00:53]} Nf5 {[%emt 0:00:44]} 20. Bxd6 {[%emt 0:04:05]} Nxd6 {[%emt 0:00:13]} 21. Ne3 {[%emt 0:03:40]} c6 {[%emt 0:00:15]} 22. Re2 Re6 {[%emt 0:02:21]} 23. Rae1 {[%emt 0:04:11]} Rfe8 {[%emt 0:00:06]} 24. Kf1 {[%emt 0:01:10]} Kf7 {[%emt 0:00:12]} 25. Nc2 {[%emt 0:01:44]} a5 {[%emt 0:01:54]} 26. Rxe6 {[%emt 0:01:02]} Rxe6 {[%emt 0:00:03]} 27. Rxe6 {[%emt 0:00:21]} Kxe6 {[%emt 0:00:03]} 28. Ke2 {[%emt 0:00:28]} g5 {[%emt 0:05:18]} 29. g4 {[%emt 0:08:17]} Nc4 {[%emt 0:06:45]} 30. b3 {[%emt 0:01:27]} Nd6 {[%emt 0:00:06]} 31. Nd2 {[%emt 0:16:32]} Nf8 {[%emt 0:00:46]} 32. Ne1 {[%emt 0:00:57]} Ng6 {[%emt 0:01:18]} 33. Nd3 {[%emt 0:00:12]} Ne4 {[%emt 0:06:03]} 34. Nb1 {[%emt 0:02:26]} f5 {[%emt 0:05:12]} 35. f3 {[%emt 0:01:22]} Nf6 {[%emt 0:00:07]} 36. Nd2 {[%emt 0:01:30]} h5 {[%emt 0:00:16]} 37. Nf2 {[%emt 0:05:44]} Nf4+ {[%emt 0:05:36]} 38. Ke3 {[%emt 0:02:45]} Ng2+ {[%emt 0:06:06]} 39. Ke2 {[%emt 0:00:52]} Nf4+ {[%emt 0:00:05]} 40. Ke3 {[%emt 0:00:16]} Ng2+ {Ke4 Ke5+} 1/2-1/2